000 00446nam a2200181Ia 4500
005 20240823051903.0
008 240823s9999||||xx |||||||||||||| ||und||
041 _aENGLISH
082 _A004.68 M9
100 _a"Chorafas,Dimitris N"
245 0 _aLocal Area network Reference
250 _a1st
260 _c1989
_b"MGH,New York"
500 _aYES
650 _aComputer Networks
_bInformation Technology
942 _cBK
999 _c220599
_d220599